000
00290nam a22001337a 4500
008
170526b xxu||||| |||| 00| 0 eng d
020
_a
9780130953865
041
_a
eng
080
_a
621.3
100
_a
27
101
_a
IM
245
_a
POWER TRANSMISSION
_c
SCOTT, TH.E
942
_2
udc
_c
BK
999
_c
14538
_d
14538